Normal view MARC view
  • Yurén Camarena, María Teresa

Entry Nombre Personal

Number of records used in: 38

001 - NUMERO DE CONTROL

  • campo de control: 28553

003 - IDENTIFICADOR DE NUMERO DE CONTROL

  • campo de control: DLC

005 - FECHA Y HORA DE LA ÜLTIMA TRANSACCIÓN

  • campo de control: 20230525132350.0

008 - DATOS DE LONGITUD FIJA

  • campo de control de longitud fija: 230525n| acannaabn |a aaa c

010 ## - NÚMERO DE CONTROL DE LA BIBLIOTECA DEL CONGRESO

  • Número de control LC: no 96048752

035 ## - NUMERO DE CONTROL

  • Número de control: (OCoLC)oca04168060

040 ## - FUENTE DE CATALOGACIÓN

  • Agencia original de catalogación: TxU
  • Lenguaje de catalogación: spa
  • Agencia de transcripción: TxU
  • Agencia que lo modifica: OCoLC
  • Agencia que lo modifica: DLC
  • Agencia que lo modifica: MX-MxUPN

100 1# - ENCABEZAMIENTO - NOMBRE PERSONAL

  • Nombre personal: Yurén Camarena, María Teresa

400 1# - VEÁSE - NOMBRE DE PERSONA

  • Personal name: Camarena, María Teresa Yurén

400 1# - VEÁSE - NOMBRE DE PERSONA

  • Personal name: Yurén, Teresa

400 1# - VEÁSE - NOMBRE DE PERSONA

  • Personal name: Yurén Camarena, Teresa

400 1# - VEÁSE - NOMBRE DE PERSONA

  • Personal name: Yurén, Tere

670 ## - FUENTE EN LA QUE SE LOCALIZARON DATOS

  • Cita de la fuente: La filosofía de la educación en México, 1994:
  • Información localizada: portada (María Teresa Yurén Camarena)

670 ## - FUENTE EN LA QUE SE LOCALIZARON DATOS

  • Cita de la fuente: En su obra: Aprender a aprender y a convivir, 2008:
  • Información localizada: portada (Teresa Yurén) solapa (María Teresa Yurén Camarena; professor-researcher, Instituto de Ciencias de la Educación, Universidad Autónoma del Estado de Morelos)

670 ## - FUENTE EN LA QUE SE LOCALIZARON DATOS

  • Cita de la fuente: Educación y eticidad, 2011:
  • Información localizada: portada (Teresa Yurén Camarena) página 7 (Tere Yurén)

902 ## - CATALOGADOR

  • Catalogador: NDAF/250523